| 000 | 00000nam 2200000za 4500 |
| 001 | 9.629547 |
| 003 | CaOODSP |
| 005 | 20250123124003 |
| 007 | cr ||||||||||| |
| 008 | 150407s2015 quc|||||o f|0| 0 eng d |
| 020 | |a978-1-100-23616-2 |
| 040 | |aCaOODSP|beng |
| 043 | |an-cn--- |
| 086 | 1 |aEn81-9/2011E-PDF |
| 110 | 1 |aCanada. |bEnvironment Canada. |
| 245 | 10|aCanadian protected areas status report 2006-2011 |h[electronic resource]. |
| 250 | |a[2nd edition]. |
| 260 | |aGatineau, QC : |bEnvironment Canada, |cc2015. |
| 300 | |axii, 96 p. : |btables, glossary, figs., maps. |
| 500 | |aIssued also in French under title: Rapport sur la situation des aires protégées du canada 2006–2011. |
| 504 | |aIncludes bibliographical references. |
| 690 | 07|aConservation areas|2gcpds |
| 775 | 08|tRapport sur la situation des aires protégées du Canada 2006-2011 |w(CaOODSP)9.677140 |
| 794 | |tCanadian protected areas status report 2012-2015 |w(CaOODSP)9.820957 |
| 795 | |tCanadian protected areas status report |w(CaOODSP)9.688918 |
| 856 | 40|qPDF|s12.37 MB|uhttps://publications.gc.ca/collections/collection_2016/eccc/En81-9-2011-eng.pdf |